000 00483nam a2200169Ia 4500
999 _c36301
_d36301
003 OSt
005 20201216114912.0
008 190216s9999||||xx |||||||||||||| ||und||
040 _coclc
082 _a527
_bMAY/I
100 _aMaynard, Chris
_97577
245 0 _aI Wonder Why Planes Have Wings /
_cChris Maynard
260 _bKingfisher Books,
_c1993.
_aLondon:
300 _a32p
650 _aPlanes Have Wings
942 _cREF
_2ddc
_h527
_iMAY/I
_k527
_mMAY/I